000 00661nam a22002177a 4500
003 0
005 20251029153052.0
008 251029b xxu||||| |||| 00| 0 eng d
020 _a978-1-83659-247-1
050 _aP 91
_b.P48 2025
100 _aPeterson, Lauren,
_eauthor.
245 _aMedia of communication :
_bradio, tv, and video /
_cLauren Peterson.
260 _aLondon, UK :
_bED-Tech Press,
_c2025.
300 _avii, 260 pages ;
_c26 cm.
504 _aIncludes bibliographical references and index.
650 _aMass media.
650 _aCommunication.
650 _aRadio broadcasting.
650 _aTelevision broadcasting.
942 _2lcc
_cBK
999 _c368411
_d368411